Lista państw świata według powierzchni - Statystyki

Ogólne statystyki
  • Ten quiz został rozwiązany 96 razy
  • Średni wynik to 25 z 35
Statystyki odpowiedzi
Hint Odpowiedź % Poprawnych
9 596 960[7] Chiny
100%
17 098 242[4] Rosja
100%
9 525 067[8] Usa
99%
8 515 767[15] Brazylia
97%
9 984 670[6] Kanada
96%
2 780 400[24] Argentyna
93%
7 682 300[16] Australia
90%
3 287 263[23] Indie
88%
1 964 375[30] Meksyk
88%
2 724 900[25] Kazachstan
84%
1 564 116[35] Mongolia
81%
1 219 090[41] RPA
78%
1 904 569[31] Indonezja
77%
1 001 450[46] Egipt
72%
1 648 195[34] Iran
71%
2 381 741[26] Algieria
70%
1 285 216[36] Peru
70%
1 861 484[32] Sudan
70%
2 149 690[29] Arabia Saudyjska
68%
783 562[53] Turcja
68%
1 138 910[42] Kolumbia
67%
1 267 000[38] Niger
65%
923 768[48] Nigeria
62%
1 284 000[37] Czad
59%
1 759 540[33] Libia
58%
796 095[52] Pakistan
58%
1 104 300[43] Etiopia
57%
2 344 858[27] DRK
55%
1 098 581[44] Boliwia
54%
1 246 700[39] Angola
48%
912 050[49] Namibia
48%
1 240 192[40] Mali
46%
1 030 700[45] Mauretania
43%
947 300[47] Tanzania
43%
799 380[51] Mozambik
39%
Nie znaleziono quizów pasujących do podanych kryteriów
Rozkład punktacji
Procent ludzi z każdym wynikiem
Percentyl według liczby udzielonych odpowiedzi
Twoja historia wyników
Nie rozwiązałeś tego quizu